Normal view MARC view
  • Movimiento ecologista

Entry Materia

Number of records used in: 2

001 - NÚMERO DE CONTROL DEL REGISTRO

  • campo de control: 43983

003 - IDENTIFICADOR DE NUMERO DE CONTROL

  • campo de control: UPN

005 - FECHA Y HORA DE LA ÚLTIMA TRANSACCIÓN

  • campo de control: 20220314090530.0

008 - DATOS DE LONGITUD FIJA

  • campo de control de longitud fija: 220314|| anz||babn | a|a d

040 ## - FUENTE DE LA CATALOGACIÓN

  • Centro catalogador de origen: MX-MxUPN

046 ## - FECHAS CON CODIFICACIÓN ESPECIAL

  • Fecha final para contenidos agregados: 2022

053 #0 - NÚMERO CLASIFICADOR - BIBLIOTECA DEL CONGRESO (LC)

  • Elemento numérico de la clasificación - Número único o no. inicial del rango: GE195
  • Elemento numérico de la clasificación - Número único o no. final del rango: GE199
  • Frase explicativa: Ciencias del medio ambiente

053 #0 - NÚMERO CLASIFICADOR - BIBLIOTECA DEL CONGRESO (LC)

  • Elemento numérico de la clasificación - Número único o no. inicial del rango: JA75.8
  • Frase explicativa: Ciencia política

150 ## - ENCABEZAMIENTO - TEMÁTICO

  • Término de materia o nombre geográfico como elemento inicial: Movimiento ecologista

450 ## - VÉASE - MATERIA

  • Encabezamiento temático: Movimiento verde

450 ## - VÉASE - MATERIA

  • Encabezamiento temático: Grupos de acción ambientalistas

450 ## - VÉASE - MATERIA

  • Encabezamiento temático: Grupos ambientalistas

670 ## - FUENTE EN LA QUE SE LOCALIZARON DATOS

  • Cita de la fuente: Autoridades LIBRUNAM
  • Información localizada: (Encabezamiento: Movimiento ecologista)